000 00577nam a22001817a 4500
003 CEME
005 20210628205629.0
008 210309b xxu||||| |||| 00| 0 eng d
020 _a0-201-48960-0
040 _c.
082 _a620.0042 VAG
100 _aVagts, Karen.A
_976340
245 _aManaging autocad in the design firm a manual for architects and interior designers
260 _aNEWYORK
_bADDISON WESLEY
_c1996
300 _a490P
650 _aARCHITECTURE - DATA PROCESSING INTERIOR DECORATION - DATA PROCESSING AUTOCAD - COMPUTER FILE
_976341
942 _cBK
_2ddc
999 _c581737
_d581737